Water supply & sanitary engineering (Record no. 5272)

MARC details
000 -LEADER
fixed length control field 00517nam a2200169Ia 4500
003 - CONTROL NUMBER IDENTIFIER
control field SGT
020 ## - INTERNATIONAL STANDARD BOOK NUMBER
International Standard Book Number 9788187433798
082 ## - DEWEY DECIMAL CLASSIFICATION NUMBER
Classification number 628
Item number BIR
100 ## - MAIN ENTRY--PERSONAL NAME
Personal name Birdia,G.S
245 ## - TITLE STATEMENT
Title Water supply & sanitary engineering
260 ## - PUBLICATION, DISTRIBUTION, ETC. (IMPRINT)
Name of publisher, distributor, etc Dhanpat Rai Publishing Company
Place of publication, distribution, etc New Delhi
Year of Publication 2011
300 ## - PAGE DESCRIPTION
No. of Pages 1038p.
650 ## - SUBJECT ADDED ENTRY--TOPICAL TERM
Topical term or geographic name as entry element CIVIL ENGINEERING
653 ## - KEYWORDS--INDEX TERM
Keyword term INTRODUCTION,RAINFALL AND RUNOFF,SURFACE WATER SOURCES,GROUND WATER,QUANTITY OF WATER,PUMPS AND PUMPING STATIONS,FILTRATION,
700 ## - ADDED ENTRY--PERSONAL NAME
Personal name Birdie,J.S
942 ## - ADDED ENTRY ELEMENTS (KOHA)
Source of classification or shelving scheme Dewey Decimal Classification
Koha item type Books
Holdings
Withdrawn status Lost status Source of classification or shelving scheme Damaged status Not for loan Home library Current library Date acquired SGTU Total Checkouts Full call number Accession No. (Barcode) Date last seen Date last borrowed Bill Date Koha item type Total Renewals
    Dewey Decimal Classification     SGT Engineering Library SGT Engineering Library 21/06/2011 SGTU 2 628 BIR FE3691 21/05/2018 30/04/2018 09/02/2015 Books  
    Dewey Decimal Classification     SGT Engineering Library SGT Engineering Library 21/06/2011 SGTU 2 628 BIR FE3692 28/05/2018 24/04/2018 09/02/2015 Books  
    Dewey Decimal Classification     SGT Engineering Library SGT Engineering Library 21/06/2011 SGTU 1 628 BIR FE3693 26/05/2018 26/04/2018 09/02/2015 Books  
    Dewey Decimal Classification     SGT Engineering Library SGT Engineering Library 21/06/2011 SGTU 1 628 BIR FE3694 16/05/2018 05/05/2018 09/02/2015 Books  
    Dewey Decimal Classification     SGT Engineering Library SGT Engineering Library 21/06/2011 SGTU 1 628 BIR FE3695 26/05/2018 17/04/2018 09/02/2015 Books 1
    Dewey Decimal Classification     SGT Engineering Library SGT Engineering Library 28/06/2011 SGTU   628 BIR FE3701 09/02/2015   09/02/2015 Books  
    Dewey Decimal Classification     SGT Engineering Library SGT Engineering Library 28/06/2011 SGTU 1 628 BIR FE3702 16/05/2018 21/04/2018 09/02/2015 Books  
    Dewey Decimal Classification     SGT Engineering Library SGT Engineering Library 28/06/2011 SGTU 2 628 BIR FE3703 16/05/2018 21/04/2018 09/02/2015 Books  
    Dewey Decimal Classification     SGT Engineering Library SGT Engineering Library 28/06/2011 SGTU   628 BIR FE3704 09/02/2015   09/02/2015 Books  
    Dewey Decimal Classification     SGT Engineering Library SGT Engineering Library 28/06/2011 SGTU 1 628 BIR FE3705 16/05/2018 14/05/2018 09/02/2015 Books